Statistics for Tashkent International Airport Destinations (Tashkent, Uzbekistan)

Click here to take the quiz!

General Stats

  • This quiz has been taken 27 times
  • The average score is 52 of 80

Answer Stats

AirlineDestination% Correct
Air Astana/Uzbekistan AirwaysAlmaty
100%
Air Astana/FlyArystan/Uzbekistan AirwaysAstana
100%
Uzbekistan AirwaysBeijing (Capital)
100%
China Southern AirlinesBeijing (Daxing)
100%
flydubai/Uzbekistan AirwaysDubai (International)
100%
Turkish Airlines/Uzbekistan AirwaysIstanbul
100%
NordStar/Red Wings Airlines/Uzbekistan AirwaysMoscow (Domodedovo)
100%
AeroflotMoscow (Sheremetyevo)
100%
Azimuth/Qanot Sharq/Utair/Uzbekistan AirwaysMoscow (Vnukovo)
100%
Ural AirlinesMoscow (Zhukovsky)
100%
Aeroflot/Rossiya Airlines/Utair/Uzbekistan AirwaysSaint Petersburg
100%
AnadoluJet/Uzbekistan AirwaysAnkara
95%
Batik Air Malaysia/Uzbekistan AirwaysKuala Lumpur (International)
95%
Uzbekistan AirwaysLondon (Heathrow)
95%
Asiana Airlines/Korean Air/Uzbekistan AirwaysSeoul (Incheon)
95%
LOT Polish AirlinesWarsaw (Chopin)
95%
Air Arabia/Wizz AirAbu Dhabi
90%
Turkmenistan AirlinesAshgabat
90%
Azerbaijan AirlinesBaku
90%
IndiGo/Uzbekistan AirwaysDelhi
90%
Uzbekistan AirwaysFrankfurt
90%
Rossiya Airlines/Uzbekistan AirwaysSochi
90%
Ural Airlines/Uzbekistan AirwaysYekaterinburg
90%
Uzbekistan AirwaysBishkek
85%
Somon Air/Uzbekistan AirwaysDushanbe
85%
Uzbekistan AirwaysMilan (Malpensa)
85%
Belavia/Uzbekistan AirwaysMinsk
85%
Uzbekistan AirwaysParis (Charles de Gaulle)
85%
flynasRiyadh
85%
Uzbekistan AirwaysTbilisi
85%
Uzbekistan AirwaysTokyo (Narita)
85%
Uzbekistan AirwaysAntalya
80%
Uzbekistan AirwaysBangkok (Suvarnbhumi)
80%
flynas/Uzbekistan AirwaysJeddah
80%
Jazeera AirwaysKuwait City
80%
IrAero/S7 Airlines/Ural Airlines/Uzbekistan AirwaysNovosibirsk
80%
China Southern Airlines/Uzbekistan AirwaysUrumqi
80%
Uzbekistan AirwaysMunich
75%
Uzbekistan AirwaysNew York (JFK)
75%
Qanot Sharq/Uzbekistan AirwaysTel Aviv
75%
Uzbekistan AirwaysKazan
70%
Uzbekistan AirwaysMedina
70%
Ural AirlinesSamara
70%
Loong AirChengdu (Tianfu)
65%
Kam AirKabul
65%
Qanot Sharq/Uzbekistan AirwaysPhuket
65%
Qeshm Air/Zagros AirlinesTehran (Imam Khomeini)
65%
Uzbekistan AirwaysLahore
60%
Ural AirlinesChelyabinsk
55%
Air Arabia/Uzbekistan AirwaysSharjah
55%
Air Cairo/FlyEgypt/Nile Air/Qanot Sharq/Uzbekistan AirwaysSharm El Sheikh
55%
Uzbekistan AirwaysBatumi
50%
Uzbekistan AirwaysJakarta (Soekarno-Hatta)
50%
Qanot SharqMadrid
50%
Qanot SharqBudapest
45%
Qanot Sharq/Uzbekistan AirwaysBukhara
45%
Uzbekistan AirwaysFergana
45%
Ural AirlinesKrasnoyarsk (Yemelyanovo)
45%
Uzbekistan AirwaysMale
45%
Uzbekistan AirwaysUrgench
45%
Red Wings AirlinesMakhachkala
40%
Uzbekistan AirwaysRiga
40%
Loong AirXi'an
40%
Uzbekistan AirwaysGrozny
35%
Uzbekistan AirwaysMineralnye Vody
35%
Uzbekistan AirwaysSamarqand
35%
FlyArystanTurkistan
35%
UtairTyumen
35%
Qanot SharqLarnaca
30%
Uzbekistan AirwaysNukus
30%
Uzbekistan AirwaysKarshi
20%
Uzbekistan AirwaysNamangan
20%
Qanot SharqBurgas
15%
Qanot SharqNha Trang
15%
Uzbekistan AirwaysTermez
15%
Uzbekistan AirwaysAndizhan
10%
Uzbekistan AirwaysHambantola (Mattala)
5%
Qanot SharqKalamata
5%
Uzbekistan AirwaysPhu Quoc
5%
Uzbekistan AirwaysZaamin
5%

Score Distribution

Percentile by Number Answered

Percent of People with Each Score

Your Score History

You have not taken this quiz